All Lil Uzi Vert Songs - Statistics

General Stats
  • This quiz has been taken 23 times
  • The average score is 53 of 165
Answer Stats
Hint Song % Correct
The Perfect LUV Tape Do What I Want
86%
Pink Tape Flooded The Face
86%
X
86%
20 Min
79%
Baby Pluto
79%
Suicide Doors
79%
Amped
71%
Aye
71%
Crush Em
71%
Endless Fashion
71%
Just Wanna Rock
71%
Lo Mein
71%
Money Longer
71%
Eternal Atake (Deluxe) - LUV vs. The World 2 Myron
71%
Of Course
71%
The End
71%
x2
71%
Zoom
71%
Dark Queen
64%
Died and Came back
64%
I Gotta
64%
Neon Guts
64%
Rehab
64%
Sauce It Up
64%
Spin Again
64%
That Fiya
64%
The Way Life Goes
64%
444+222
57%
All Alone
57%
Fire Alarm
57%
Bonus Track Futsal Shuffle 2020
57%
Grab the Wheel
57%
Homecoming
57%
Nakamura
57%
Shardai
57%
Silly Watch
57%
Bonus Track That Way
57%
Luv Is Rage (Deluxe) Two
57%
Werewolf
57%
Yessirskiii
57%
7AM
50%
Bean (Kobe)
50%
CS
50%
Days Come And Go
50%
Erase Your Social
50%
Malfunction
50%
P2
50%
Patience
50%
Pluto To Mars
50%
Ps & Qs
50%
Sanguine Paradise
50%
You Was Right
50%
Lil Uzi Vert vs. The World Canadian Goose
43%
Celebration Station
43%
Drankin N Smokin
43%
How to Talk
43%
Mama, I'm Sorry
43%
Money Mitch
43%
No Sleep Leak
43%
POP
43%
Pretty Mami
43%
SideLine Watching
43%
Urgency
43%
Baby Are You Home
36%
Come This Way
36%
Diamonds All on My Wrist
36%
Early 20 Rager
36%
I'm Sorry
36%
Of Course We Ghetto Flowers
36%
Paradise
36%
Patek
36%
Secure The Bag
36%
Seven Million
36%
Strawberry Peels
36%
Venetia
36%
Wassup
36%
XO Tour Lif3
36%
Banned from TV
29%
Chrome Heart Tags
29%
Enemies
29%
Feelings Mutual
29%
For Real
29%
I Can Drive
29%
Leaders
29%
Loaded
29%
Lotus
29%
Moon Relate
29%
New Patek
29%
Plastic
29%
Prices
29%
Ronda (Winners)
29%
Scott and Ramona
29%
Team Rocket
29%
Pluto x Baby Pluto (Deluxe) Tic Tac
29%
UnFazed
29%
Watch
29%
You Better Move
29%
Baby Sasuke
21%
Bigger Than Life
21%
I Can Show You
21%
Million Dollar Play
21%
Money Spread
21%
No Auto
21%
Super Saiyan
21%
Top
21%
You're Lost
21%
Bankroll
14%
Belly
14%
Bust Me
14%
FLEX UP
14%
Hi Roller
14%
I KNOW
14%
Original Uzi
14%
Over Your Head
14%
Skir Skirr
14%
Sleeping On The Floor
14%
SPACE CADET
14%
Stripes Like Burberry
14%
Watch This
14%
Yamborghini Dream
14%
All My Chains
7%
Ballin
7%
Because Of You
7%
Bust a Move
7%
Go Off
7%
Got The Guap
7%
Heart In Pieces
7%
HITTIN MY SHOULDER
7%
I Dont Wanna Break Up
7%
Lullaby
7%
Marni On Me
7%
Moment Of Clarity
7%
My Legacy
7%
All singles and EPs from here out NFL
7%
Right Now
7%
Rockstar Chainz
7%
Luv Is Rage Safe House
7%
Trap This Way (This Way)
7%
420 in London
0%
AmEN!
0%
BADASS
0%
Blue Notes 2
0%
Bought A Bad B!tch
0%
Count Dem Rolls
0%
Demon High
0%
Diamond Choker
0%
Free Game
0%
Heavy
0%
Holy Smokes
0%
Next Up
0%
Off Dat
0%
Party Girl
0%
Real Baby Pluto
0%
RED & WHITE
0%
She Never Been To Pluto
0%
Show U Off
0%
Smoke My Dope
0%
Sossboy 2
0%
spend the money
0%
Teenage Dream 2
0%
Thats a Rack
0%
Thats It
0%
V12
0%
We Rollin
0%
Zambamafoo
0%
No matching quizzes found
Score Distribution
Percent of People with Each Score
Percentile by Number Answered
Your Score History
You have not taken this quiz